La clase política

Spremljeno u:
Bibliografski detalji
Glavni autor: Mosca, Gaetano (autor)
Format: Knjiga
Jezik:španjolski
Izdano: Ciudad de México Fondo de Cultura Económica 1984
Izdanje:1a. ed
Serija:Colección Popular, 260
Teme:
Oznake: Dodaj oznaku
Bez oznaka, Budi prvi tko označuje ovaj zapis!

MARC

LEADER 00000nam a2200000 a 4500
001 UCH2399
003 CL-VaPUC
008 090611e19840000MX |||||||||||||||||spa|d
020 |a 9681616294 
082 0 4 |a 320.01  |b MOS  |2 21 
100 |a Mosca, Gaetano  |e autor  |9 537190 
245 1 3 |a La clase política 
250 |a 1a. ed 
300 |a 351 p 
942 |c BK 
945 |d 20090611 00:00:00  |a cmena 
260 |a Ciudad de México  |b Fondo de Cultura Económica  |c 1984 
650 7 |a FILOSOFIA POLITICA  |2 CL-VaPUC  |9 537191 
650 7 |a CLASE POLITICA  |2 CL-VaPUC  |9 537192 
650 0 |a Protección jurídica   |9 475151 
583 |a last modification  |c 20090611 00:00:00  |k Rodrigo Vera 
490 0 |a Colección Popular, 260 
999 |c 334140  |d 334138 
952 |0 0  |1 0  |4 0  |6 320_010000000000000_MOS_1984  |7 0  |8 A  |9 422969  |a BIBHIS  |b BIBHIS  |d 2019-11-22  |i 4561678  |o 320.01 MOS 1984  |p 4561678  |r 2025-01-20  |w 2019-11-22  |y BK  |k HIS